000
00260nam a22001217a 4500
082
_a
823
_b
RAM/H
100
_a
RAM, S K
245
_a
HIJACKED AND OTHER STORIES
260
_a
BOMBAY
_b
OXFORD
_c
1995
300
_a
67
650
_a
ENGLISH STORY
_z
INDIA
942
_c
BK
999
_c
7318
_d
7318